00810nam a2200193 a 4500008004100000020001800041050001800059100001700077245014900094260003100243300002200274350000900296650001600305650001200321650002300333995010900356999001700465952013400482101101s2006 ||||||||||||||||| || u a9780750685313 aTK 4660.5 Atk aAtkins, Tony14aThe science and engineering of cutting: the mechanics and processes of separating, scratching and puncturing biomaterials, metals and non-metals aAmsterdam:bElsevierc2006 axiii, 413p.: ill. a0.00 aENGINEERING aCUTTING aMATERIALS--CUTTING D0.00FCBU-MAIN LIBRARY (Kitwe)H1I0.00M1UAVAILABLEWNov 30, 2010ZMain Library Open Access Collection c57071d57071 00102lcc4070a001b001cMain Library Open Access Collectiond2022-11-30l0oTK 4660.5 Atkp742072r2022-11-30w2022-11-30y002